000 00535nam a22001697a 4500
005 20251108164029.0
008 250721s1981 xx 000 0 ara d
082 1 4 _a210.463/محم
100 1 _aإمام، محمد السعيد
245 1 0 _aحديث الإسلام عن الأشجار /
264 1 _aالقاهرة :
_bوزارة الأوقاف - المجلس الأعلى للشؤن الإسلامية،
_c1981.
300 _a231ص.
650 1 7 _aالإسلام
650 1 7 _aالزراعة
942 _2ddc
_cBK
999 _c1852
_d1852